| 000 | 00545nam a22001817a 4500 | ||
|---|---|---|---|
| 005 | 20170412125028.0 | ||
| 010 | _aENG-117751 | ||
| 020 |
_a9788129137470 _c295.00 |
||
| 035 | _aEN-101283 | ||
| 037 | _bDBAD/PUB | ||
| 082 | _a082 | ||
| 245 |
_aThe wit & wisdom of Nani A. Palkhivala / _cCompiled by Jignesh R.Shah |
||
| 260 |
_aNew Delhi _bRupa Publications _c2015 |
||
| 270 |
_a7/16,Ansari Road,Daryaganj _bNew Delhi _e110002 |
||
| 300 |
_axvii,134p. _c20cm(Hb) |
||
| 700 | _aShah, Jignesh R. | ||
| 942 |
_2ddc _cEN _h082 _mTHE |
||
| 999 |
_c138808 _d138808 |
||